South America Border Check Quiz Stats

Quiz Updated Sep 4, 2015

Challenge
Share
Tweet
Embed
Score 0/28 Timer 02:00
2 Plays Today
Country Pair Border? % Correct
Chile
Argentina
???
88.5%
Brazil
Argentina
???
87.5%
Venezuela
Colombia
???
86.9%
Brazil
Guyana
???
86.2%
Suriname
Guyana
???
86%
Brazil
Uruguay
???
85%
Ecuador
Peru
???
83.1%
Peru
Chile
???
82.9%
Venezuela
Argentina
???
81%
Venezuela
Chile
???
80.8%
Peru
Bolivia
???
80.5%
Colombia
Argentina
???
80.4%
Venezuela
Paraguay
???
78.4%
Colombia
Paraguay
???
77.2%
Country Pair Border? % Correct
Colombia
Brazil
???
77.2%
Bolivia
Chile
???
72%
Bolivia
Argentina
???
71.8%
Bolivia
Paraguay
???
71.3%
Colombia
Peru
???
70.7%
Brazil
Chile
???
70.2%
Paraguay
Uruguay
???
69%
Peru
Paraguay
???
66.7%
Venezuela
Bolivia
???
66.2%
Brazil
Ecuador
???
65.1%
Peru
Argentina
???
60.1%
Paraguay
Chile
???
59.7%
Colombia
Bolivia
???
57.7%
Venezuela
Suriname
???
53.8%

You're not logged in!

Compare scores with friends on all Sporcle quizzes.
Sign Up with Email
OR
Log In

You Might Also Like...

Show Comments

Extras

Top Quizzes Today


Score Distribution

Your Account Isn't Verified!

In order to create a playlist on Sporcle, you need to verify the email address you used during registration. Go to your Sporcle Settings to finish the process.